00353nam a2200133 a 4500008004100000020001500041050001600056100002600072245003400098250001200132260004600144300002000190350000900210120416s1980 ||||||||||||||||| || u a0442307233 aHG 4026 Sam aSamuels, John Malcolm10aManagement of company finance a3rd ed. aWokingham, [Bershire]bVan Nostrandc1980 ax, 497p. : ill. a0.00